000
00226nam a22000977a 4500
999
_c
261879
_d
261878
020
_a
0394829115
100
_a
Leo Lionni
245
_a
Alexander And The Wind-Up Mouse
260
_a
New York
_b
Dragonfly Books
_c
1969
942
_c
BK